Předběžné výsledky sčítání lidu, domů a bytů 1991. Základní informace.

Štatistické údaje zo sčítania ľudu. Počet obyvateľstva. Obyvateľstvo podľa národnosti a podľa náboženského vyznania. Počet a prírastky trvale obývaných bytov. Veľkosť a kvalita obývaných priestorov.

Saved in:
Bibliographic Details
Format: Book Chapter
Language:Czech
Subjects:
Tags: Add Tag
No Tags, Be the first to tag this record!

MARC

LEADER 00000naa a2200000 4500
001 r006873
005 20221125081350.8
041 0 |a cze 
044 |a [CS] 
245 1 0 |a Předběžné výsledky sčítání lidu, domů a bytů 1991.  |b Základní informace. 
520 |a Štatistické údaje zo sčítania ľudu. Počet obyvateľstva. Obyvateľstvo podľa národnosti a podľa náboženského vyznania. Počet a prírastky trvale obývaných bytov. Veľkosť a kvalita obývaných priestorov. 
610 2 0 |a sčítanie ľudu 
610 2 0 |a ČSFR 
610 2 0 |a 1991 
610 2 0 |a údaje štatistické